| 000 | 00595cam a22001931 4500 | ||
|---|---|---|---|
| 001 | 2174257 | ||
| 005 | 20180111042034.0 | ||
| 008 | 700729s1966 miuach 000 0beng | ||
| 010 | _a 68006091 | ||
| 040 |
_aDLC _cDLC _dDLC |
||
| 041 | _aeng | ||
| 080 | _a941 | ||
| 082 | _2941 CHU | ||
| 100 | _a19 | ||
| 101 | _aHIS | ||
| 245 | 0 | 0 |
_aWinston S. Churchill: youth, 1874-1900. Based upon Randolph S. Churchill's book "Winston S. Churchill." _cA Giniger portfolio published in association with University Microfilms. |
| 906 |
_a7 _bcbc _corignew _du _encip _f19 _gy-gencatlg |
||
| 942 |
_2ddc _cBK |
||
| 999 |
_c40071 _d40071 |
||